| 000 | 00420nam a2200169Ia 4500 | ||
|---|---|---|---|
| 008 | 121105t1985 xxu||||| |||| 00| 0 sin d | ||
| 041 | _asin | ||
| 080 |
_a8S1 _bPER |
||
| 100 |
_aPerera .P.H _eed. |
||
| 245 | _aකවි මල් | ||
| 246 | _aKavi Mal | ||
| 260 |
_bRasakavi Balamandalaya _aAthurugiriya _c1985 |
||
| 300 | _b18p., 21 cm | ||
| 942 | _cBK | ||
| 999 |
_c74844 _d74844 |
||
| 003 | LK-CoDNM | ||
| 040 |
_aLK-CoDNM _dLK-CoDNM _eLK-CoDNM |
||